|
|
|
|
| LEADER |
02144nam a2200493 a 4500 |
| 001 |
EBC1117489 |
| 003 |
MiAaPQ |
| 005 |
20200520144314.0 |
| 006 |
m o d | |
| 007 |
cr cn||||||||| |
| 008 |
010531s2001 dcuab sb 001 0 eng d |
| 010 |
|
|
|z 2001091816
|
| 020 |
|
|
|z 0874208769
|
| 020 |
|
|
|z 9780874208764
|
| 020 |
|
|
|a 9780874202632 (electronic bk.)
|
| 035 |
|
|
|a (MiAaPQ)EBC1117489
|
| 035 |
|
|
|a (Au-PeEL)EBL1117489
|
| 035 |
|
|
|a (CaPaEBR)ebr10652968
|
| 035 |
|
|
|a (CaONFJC)MIL532959
|
| 035 |
|
|
|a (OCoLC)827208406
|
| 040 |
|
|
|a MiAaPQ
|c MiAaPQ
|d MiAaPQ
|
| 050 |
|
4 |
|a HD1393.5
|b .B86 2001
|
| 082 |
0 |
4 |
|a 333.33/87
|2 22
|
| 245 |
0 |
0 |
|a Business park and industrial development handbook
|h [electronic resource].
|
| 260 |
|
|
|a Washington, D.C. :
|b ULI-the Urban Land Institute,
|c c2001.
|
| 300 |
|
|
|a x, 309 p. :
|b col. ill., col. maps.
|
| 440 |
|
0 |
|a ULI development handbook series
|
| 500 |
|
|
|a "Second edition"--Jkt.
|
| 500 |
|
|
|a "Project director, Anne Frej; primary contributing authors, Marvin F. Christensen ... [et al.]"--P. iii.
|
| 500 |
|
|
|a Rev. ed. of: Business and industrial park development handbook / sponsored by the members of the Industrial and Office Park Councils of ULI-the Urban Land Institute. Washington, D.C. : The Institute, c1988. Community builders handbook series.
|
| 500 |
|
|
|a Fourteen case studies cover the U.S., Europe, and Asia.
|
| 504 |
|
|
|a Includes bibliographical references (p. 300-302) and index.
|
| 533 |
|
|
|a Electronic reproduction. Ann Arbor, MI : ProQuest, 2015. Available via World Wide Web. Access may be limited to ProQuest affiliated libraries.
|
| 650 |
|
0 |
|a Business parks
|x Planning.
|
| 650 |
|
0 |
|a Industrial districts
|x Planning.
|
| 650 |
|
0 |
|a Industrial sites
|x Planning.
|
| 650 |
|
0 |
|a Commercial buildings
|x Planning.
|
| 650 |
|
0 |
|a Office buildings
|x Planning.
|
| 655 |
|
4 |
|a Electronic books.
|
| 700 |
1 |
|
|a Frej, Anne.
|
| 700 |
1 |
|
|a Christensen, Marvin F.
|
| 710 |
2 |
|
|a ProQuest (Firm)
|
| 730 |
0 |
|
|a Business and industrial park development handbook.
|
| 856 |
4 |
0 |
|u https://ebookcentral.proquest.com/lib/matrademy/detail.action?docID=1117489
|z Click to View
|